| Tag |
First Indicator |
Second Indicator |
Subfields |
| LEADER |
00000pam a22000004a 4500 |
| 001 |
in00001814101 |
| 005 |
20151026051232.0 |
| 008 |
031003s2004 njua b 001 0 eng |
| 010 |
|
|
|a 2003062040
|
| 020 |
|
|
|a 0471220663 (pbk. : acid-free paper)
|
| 035 |
|
|
|a (OCoLC)ocm53178629
|
| 040 |
|
|
|a DLC
|c DLC
|d YDX
|d UtOrBLW
|
| 042 |
|
|
|a pcc
|
| 049 |
|
|
|a TXAM
|
| 050 |
0 |
0 |
|a QA93
|b .S38 2004
|
| 082 |
0 |
0 |
|a 510
|2 22
|
| 100 |
1 |
|
|a Schumer, Peter D.,
|d 1954-
|
| 245 |
1 |
0 |
|a Mathematical journeys /
|c Peter D. Schumer.
|
| 264 |
|
1 |
|a Hoboken, N.J. :
|b Wiley-Interscience,
|c [2004]
|
| 264 |
|
4 |
|c ©2004
|
| 300 |
|
|
|a xi, 199 pages :
|b illustrations ;
|c 24 cm.
|
| 336 |
|
|
|a text
|b txt
|2 rdacontent
|
| 337 |
|
|
|a unmediated
|b n
|2 rdamedia
|
| 338 |
|
|
|a volume
|b nc
|2 rdacarrier
|
| 504 |
|
|
|a Includes bibliographical references (pages 193-194) and index.
|
| 650 |
|
0 |
|a Mathematics
|v Popular works.
|
| 945 |
|
|
|i PromptCat
|
| 948 |
|
|
|a cataloged
|b h
|c 2004/3/4
|d c
|e cmulkey
|f 12:45:08 pm
|
| 994 |
|
|
|a 92
|b TXA
|
| 999 |
|
|
|a MARS
|
| 999 |
f |
f |
|s c1288f67-b253-35ae-8ad8-62c327da4de7
|i a2b5ac8a-2633-35a6-824f-71ea81d7b7d7
|t 0
|
| 952 |
f |
f |
|p ric
|a Texas A&M University
|b Rellis Campus
|c Joint Library Facility
|d Remote Storage
|t 0
|e QA93 .S38 2004
|h Library of Congress classification
|i unmediated -- volume
|m A14831064563
|
| 998 |
f |
f |
|a QA93 .S38 2004
|t 0
|l Remote Storage
|